00280nam a2200073 4500008004100000245008500041260006100126650001900187240223b |||||||| |||| 00| 0 eng d aQuarterly review of the Economy of Sri Lanka-Vol. 2 no. 4 (October-December 2002 aColombo :bInternational centre for ethnic studiesc2002 aETHNIC STUDIES